Lloyds Bank plc v Burd Pearse and another (Record no. 68560)
[ view plain ]
| 000 -LEADER | |
|---|---|
| fixed length control field | 00867cam a2200205 4500 |
| 001 - CONTROL NUMBER | |
| control field | X115103 |
| 008 - FIXED-LENGTH DATA ELEMENTS--GENERAL INFORMATION | |
| fixed length control field | 011012n2001 000 0 eng u |
| 035 ## - SYSTEM CONTROL NUMBER | |
| System control number | (Sirsi) u115103 |
| 245 ## - TITLE STATEMENT | |
| Title | Lloyds Bank plc v Burd Pearse and another |
| 260 ## - PUBLICATION, DISTRIBUTION, ETC. | |
| Date of publication, distribution, etc. | 2001 |
| 490 ## - SERIES STATEMENT | |
| Series statement | Estates Gazette |
| Volume/sequential designation | [2001] 39 EG 167 (CS) (24/3/2001) |
| 520 ## - SUMMARY, ETC. | |
| Summary, etc. | Bank claiming solicitor's negligence in relation to mortgage transaction causing loss - whether action in tort statute-barred by virtue of Limitation Act 1980 s2 - whether running time postponed by s14A of Act - whether correct measure of damages adopted - judge allowing claim - appeal allowed |
| 650 ## - SUBJECT ADDED ENTRY--TOPICAL TERM | |
| Topical term or geographic name entry element | MORTGAGES |
| 650 ## - SUBJECT ADDED ENTRY--TOPICAL TERM | |
| Topical term or geographic name entry element | LIMITATION ACT 1980 |
| 650 ## - SUBJECT ADDED ENTRY--TOPICAL TERM | |
| Topical term or geographic name entry element | LLOYDS BANK PLC V BURD PEARSE AND ANOTHER |
| 650 ## - SUBJECT ADDED ENTRY--TOPICAL TERM | |
| Topical term or geographic name entry element | NEGLIGENCE |
| 650 ## - SUBJECT ADDED ENTRY--TOPICAL TERM | |
| Topical term or geographic name entry element | SOLICITORS |
| 690 ## - LOCAL SUBJECT ADDED ENTRY--TOPICAL TERM (OCLC, RLIN) | |
| Topical term or geographic name as entry element | PROFESSIONAL PRACTICE-NEGLIGENCE-CASE LAW |
| 942 ## - ADDED ENTRY ELEMENTS (KOHA) | |
| Suppress in OPAC | 0 |
| Withdrawn status | Lost status | Source of classification or shelving scheme | Damaged status | Not for loan | Home library | Current library | Shelving location | Date acquired | Total Checkouts | Full call number | Barcode | Date last seen | Copy number | Price effective from | Koha item type |
|---|---|---|---|---|---|---|---|---|---|---|---|---|---|---|---|
| Dewey Decimal Classification | London | London | News article | 12/10/2001 | X115103 | 115103-1001 | 06/08/2019 | 1 | 06/08/2019 | Law report |